[Event "MCR senioru 2020 nad 60 let"]
[Site "Rychnov n. K."]
[Date "2020.08.15"]
[Round "8"]
[White "Marek, Jiri"]
[Black "Sobotnik, Petr"]
[Result "0-1"]
[WhiteElo "1913"]
[BlackElo "1901"]
[EventDate "2020.08.08"]

1. e4 c6 2. d4  d5  3. e5  Bf5
4. Ne2  e6  5. Ng3
Bg6  6. h4  h5
7. Nd2  c5  8. c3  Nc6
9. Nf3  Qb6  10. Be2
cxd4  11. cxd4  Be4
12. Be3  Bb4+  13. Kf1
Bxf3  14. Bxf3  g6
15. Ne2  Bf8  16. Qd2
Nge7  17. g3  Nf5
18. Kg2  Be7  19. Rhd1
O-O  20. Nf4  Rac8
21. Rac1  Nb4  22. a3
Rxc1  23. Qxc1  Nc6
24. Qc3  Rc8  25. Ne2
Nxe3+  26. fxe3  Bf8
27. Rd2  Ne7  28. Qd3
Nf5  29. e4  dxe4
30. Bxe4  Bh6  31. Nf4
Bxf4  32. gxf4  Nxh4+
33. Kh3  Nf5  34. Bxf5
exf5  35. Rg2  Rc1
36. d5  Rh1+  37. Kg3
h4+  0-1

[Event "MCR senioru 2020 nad 60 let"]
[Site "Rychnov n. K."]
[Date "2020.08.15"]
[Round "8"]
[White "Mlynek, Petr"]
[Black "Svitak, Josef"]
[Result "1-0"]
[WhiteElo "2100"]
[BlackElo "1832"]
[EventDate "2020.08.08"]

1. d4  d5  2. c4  c6
3. Nc3  e6  4. e4
dxe4  5. Nxe4  Bb4+
6. Bd2  Bxd2+  7. Qxd2
Nf6  8. Ng3  O-O
9. Nf3  Nbd7  10. Rd1
Qc7  11. Be2  b6
12. O-O  Bb7  13. b4
e5  14. dxe5  Nxe5
15. Qd6  Nxf3+  16. Bxf3
Rac8  17. Rfe1  Ba6
18. Nf5  Kh8  19. Re7
Qb8  20. Qxb8  Rxb8
21. Nd6  Kg8  22. Rxa7
Bc8  23. Bxc6  Be6
24. Bd5  Bxd5  25. cxd5
Rbd8  26. Nf5  Rfe8
27. d6  Re2  28. Kf1
Rc2  29. f3 1-0

[Event "MCR senioru 2020 nad 60 let"]
[Site "Rychnov n. K."]
[Date "2020.08.15"]
[Round "8"]
[White "Lepik, Jaroslav"]
[Black "Pospisil, Evzen"]
[Result "0-1"]
[WhiteElo "1789"]
[BlackElo "2049"]
[EventDate "2020.08.08"]

1. Nf3  Nf6  2. c4  c5
3. Nc3  Nc6  4. g3
g6  5. Bg2  Bg7
6. O-O  O-O  7. b3  d6
8. h3  Bd7  9. Bb2
Qc8  10. Kh2  Rb8
11. d3  e5  12. Nd2
a6  13. Nde4  Nxe4
14. Nxe4  Qc7  15. Nc3
Ne7  16. Nd5  Nxd5
17. Bxd5  Bc6  18. Bxc6
Qxc6  19. e4  f5
20. Qe2  b5  21. f3
Rf7  22. Rf2  Bh6
23. Bc1  f4  24. g4
Bg5  25. Rg2  a5
26. Bd2  Bh4  27. Be1
Bxe1  28. Qxe1  Ra7
29. cxb5  Qxb5  30. Qc3
a4  31. bxa4  Rxa4
32. Rd1  Qb4  33. Qc4+
Qxc4  34. dxc4  Rb6
35. Rc2  Kf7  36. Kg2
Ke7  37. Kf2  Rbb4
38. Rdc1  Ra3  39. Rd1
Rba4  40. Rdd2  Re3
41. Kg2  Raa3  42. Rf2
Rac3  43. Rb2  Rxc4
44. Rb7+  Ke6  45. Rxh7
Rc1  46. h4  Ree1
47. Kh3  Rh1+  48. Rh2
Rhg1  49. Rg2  Rgf1
50. g5  Rxf3+  51. Kg4
Rcc3  52. h5  Rg3+
53. Rxg3  Rxg3+  54. Kh4
gxh5  55. Rxh5  Rg1
56. Rh6+  Ke7  57. Rh7+
Ke8  58. Kh5  f3
59. g6  f2  60. Rh8+
Ke7  61. Rh7+  Ke6
0-1

[Event "MCR senioru 2020 nad 60 let"]
[Site "Rychnov n. K."]
[Date "2020.08.15"]
[Round "8"]
[White "Horak, Vladimir"]
[Black "Mares, Petr"]
[Result "1/2-1/2"]
[WhiteElo "1989"]
[BlackElo "1873"]
[EventDate "2020.08.08"]

1. d4  g6  2. c4  Bg7
3. Nc3  d6  4. e4
Nc6  5. Be3  e5
6. d5  Nce7  7. Bd3  f5
8. f3  Nf6  9. Qd2
b6  10. Nge2  a5
11. Bc2  O-O  12. Bh6
fxe4  13. Bxg7  Kxg7
14. fxe4 1/2-1/2

[Event "MCR senioru 2020 nad 70 let"]
[Site "Rychnov n. K."]
[Date "2020.08.15"]
[Round "8"]
[White "Sejkora, Vlastimil"]
[Black "Holecek, Vladimir"]
[Result "1/2-1/2"]
[WhiteElo "2185"]
[BlackElo "1904"]
[EventDate "2020.08.08"]

1. c4  e6  2. d4  d5
3. cxd5  exd5  4. Nc3
Nf6  5. Nf3  Be7
6. Bg5  Nc6  7. e3
O-O  8. Bd3  h6
9. Bh4  Be6  10. Rc1  Re8
11. O-O  Nd7  12. Bg3
Nb6  13. Nb5  Rc8
14. Rxc6  bxc6  15. Nxa7
Ra8  16. Nxc6  Qc8
17. Bb1  f5  18. Nxe7+
Rxe7  19. Ne5  Nd7
20. Nc6  Rf7  21. Qc2
Nf8  22. a3  Ng6
23. Rc1  Qb7  24. h4
Nf8  25. h5  Nh7
26. Be5  Bd7  27. Nb4
c6  28. Kh2  Nf6
1/2-1/2

[Event "MCR senioru 2020 nad 70 let"]
[Site "Rychnov n. K."]
[Date "2020.08.15"]
[Round "8"]
[White "Kulhavy, Frantisek"]
[Black "Trojan, Lubos"]
[Result "0-1"]
[WhiteElo "1759"]
[BlackElo "1953"]
[EventDate "2020.08.08"]

1. e4  e6  2. d4  b6
3. Nf3  Bb7  4. Nc3
Bb4  5. Bd3  Ne7
6. Bd2  O-O  7. a3
Bxc3  8. Bxc3  d6
9. O-O  Ng6  10. Qd2
Nd7  11. Rfe1  Re8
12. b4  e5  13. d5
Rf8  14. Bb2  Nf6
15. h3  Bc8  16. Bc1
h6  17. Qe2  Nh7
18. c4  Qe7  19. Qc2
Nf6  20. Be3  Nh5
21. Bf1  Nhf4  22. Kh2
f5  23. g3  Nh5
24. exf5  Bxf5  25. Qe2  Nf6
26. Bg2  Rae8  27. Rac1
Qf7  28. Qd2 Ne7  29. Nh4
Bh7  30. f4  exf4
31. Bxf4  g5  32. Bxg5
hxg5  33. Qxg5+  Qg7
34. Qd2  Nf5  35. Nxf5
Bxf5  36. Rf1  Re5
37. Rf2  Be4  38. Rcf1
Bxg2  39. Kxg2  Nh7
40. Rf4  Rxf4  41. Rxf4
Qe7  42. Kf2  Re4
43. Rxe4  Qxe4  44. Qh6
Qf5+  45. Kg2  Qf6
46. Qe3  Kf7  47. h4
Qf5  48. Kh2  Nf6
49. Qe2  Qg4  50. Qc2
Qe4  51. Qf2  Kg6
52. Qd2  Qf5  53. Qe2
Qe5  54. Qc2+  Ne4
55. Qd3  Qf5  56. Qe2
Qf2+  57. Qxf2  Nxf2
58. Kg2  Ng4  0-1

[Event "MCR senioru 2020 nad 70 let"]
[Site "Rychnov n. K."]
[Date "2020.08.15"]
[Round "8"]
[White "Majerik, Vladimir"]
[Black "Jablecnik, Gustav"]
[Result "0-1"]
[WhiteElo "1842"]
[BlackElo "1989"]
[EventDate "2020.08.08"]

1. d4  Nf6  2. Nf3  d5
3. c3  Bf5  4. Qb3
b6  5. Bg5  Bxb1
6. Rxb1  e6  7. e3
Be7  8. Bd3  O-O
9. O-O  Nbd7  10. Rfe1
c5  11. Qd1  Ne4
12. Bf4  g5  13. Bg3
Nxg3  14. hxg3  f5
15. Bc2  g4  16. Nd2
Bd6  17. c4  h5
18. Kf1  h4  19. gxh4  Qxh4
20. g3  Qh2  21. Bb3
Nf6  22. cxd5  exd5
23. Bxd5+  Kg7  24. Bxa8
Rxa8  25. dxc5  Bxg3
26. fxg3  Nh5  27. Ne4
Rf8  28. Qd4+  Kg6
29. Qd6+  Rf6  30. Nxf6
Nxg3+  31. Qxg3  Qxg3
32. Nd7  bxc5  33. Rbd1
Qh2  34. e4  g3
35. Ne5+  Kh5  36. Nd3  g2+
0-1

[Event "MCR senioru 2020 nad 70 let"]
[Site "Rychnov n. K."]
[Date "2020.08.15"]
[Round "8"]
[White "Most, Zdenek"]
[Black "Vlacil, Vladimir"]
[Result "1/2-1/2"]
[WhiteElo "1978"]
[BlackElo "1893"]
[EventDate "2020.08.08"]

1. d4  d5  2. Nf3  Nf6
3. g3  e6  4. Bg2
Be7  5. O-O  O-O
6. c4  dxc4  7. Qc2
a6  8. Qxc4  b5
9. Qc2  Bb7  10. a4  Nbd7
1/2-1/2

[Event "MCR senioru 2020 nad 70 let"]
[Site "Rychnov n. K."]
[Date "2020.08.15"]
[Round "8"]
[White "Pavlicek, Petr"]
[Black "Volf, Jaroslav"]
[Result "1/2-1/2"]
[WhiteElo "1860"]
[BlackElo "1966"]
[EventDate "2020.08.08"]

1. Nf3  Nf6  2. d4  b6
3. c4  Bb7  4. g3
e6  5. Bg2  d5
6. Ne5  Bd6  7. O-O  O-O
8. Nc3  c6  9. cxd5
Nxd5  10. Nxd5  exd5
11. Bf4  f6  12. Nd3
Bxf4  13. Nxf4  Qd6
14. Qd2  Re8  15. Rfd1
Na6  16. Rac1  Nc7
1/2-1/2

[Event "MCR senioru 2020 nad 70 let"]
[Site "Rychnov n. K."]
[Date "2020.08.15"]
[Round "8"]
[White "Papan, Cyril"]
[Black "Vochozka, Jindrich"]
[Result "1/2-1/2"]
[WhiteElo "1933"]
[BlackElo "1747"]
[EventDate "2020.08.08"]

1. d4  d5  2. c4  e6
3. Nc3  Nf6  4. Nf3
c6  5. e3  Nbd7
6. Qc2  Be7  7. Bd3  dxc4
8. Bxc4  b6  9. e4
Bb7  10. O-O  Qc7
11. Bg5  h6  12. Bh4
O-O  13. e5  Nd5
14. Nxd5  cxd5  15. Bxe7
Rfe8  16. Bd6  Qxc4
17. Qd2  Rac8  18. Rfc1
Qa6  19. Ba3  Rxc1+
20. Rxc1  Rc8  21. Rxc8+
Bxc8  22. h3  Qb5
23. Qf4  Ba6  24. Qh4
Qc6  25. Kh2  Be2
26. Ng1  Bd3  27. Qg3
Be4  28. Be7  Qc7
29. Qc3  Qxc3  30. bxc3 b5 31.
Bd8  f6  32. exf6  gxf6 1/2-1/2

[Event "MCR senioru 2020 nad 70 let"]
[Site "Rychnov n. K."]
[Date "2020.08.15"]
[Round "8"]
[White "Zeman, Ladislav"]
[Black "Kohout, Jan"]
[Result "0-1"]
[WhiteElo "1771"]
[BlackElo "1928"]
[EventDate "2020.08.08"]

1. e4  c5  2. Nc3  Nc6
3. g3  g6  4. Bg2
Bg7  5. d3  e6
6. Bf4  d6  7. Nge2  Nge7
8. Qd2  O-O  9. h4
h5  10. Bh6  e5
11. O-O  Be6  12. Bxg7  Kxg7
13. f4  f5  14. Bh3
Qd7  15. fxe5  dxe5
16. Kh2  Rad8  17. Qe3
b6  18. Bg2  Qd6
19. Qg5  Nd4  20. Rac1
Nxe2  21. Nxe2  Ng8
22. b3  Nh6  23. Bf3
Rf6  24. Bxh5  Nf7
25. Qe3  gxh5  26. Rf3
Nh6  27. Kg1  Ng4
28. Qd2  fxe4  29. Rxf6
Nxf6  30. Qg5+  Kf7
31. Rf1  Bg4  32. Rf2
Rg8  33. Qh6  Bxe2
34. Qh7+  Rg7  35. Qxe4 Bg4 36.
Qa8  Kg6  0-1

[Event "MCR senioru 2020 nad 70 let"]
[Site "Rychnov n. K."]
[Date "2020.08.15"]
[Round "8"]
[White "Pecak, Ivan"]
[Black "Fiser, Jiri"]
[Result "0-1"]
[WhiteElo "1642"]
[BlackElo "1871"]
[EventDate "2020.08.08"]

1. e4  g6  2. d4  Bg7
3. Nc3  d6  4. Bc4
a6  5. Be3  Nf6
6. Nge2  b5  7. Bd3  Bb7
8. f3  Nbd7  9. Qd2
c5  10. Ng3  cxd4
11. Bxd4  Nc5  12. Rd1
O-O  13. Qe3  Ne6
14. Bxf6  Bxf6  15. h4
h5  16. Be2  Be5
17. Rh3  Nf4  18. Kf2
Nxh3+  19. gxh3  e6
20. f4  Bxc3  21. Qxc3
Qxh4  22. Qf3  d5
23. e5  Rac8  24. c3
b4  25. Rg1  bxc3
26. Kf1 c2  27. Nxh5  c1=Q+
28. Bd1  Qcxf4  29. Nxf4
d4  30. Qxb7  Qxf4+
31. Qf3  Qxf3+  32. Bxf3
Rc1+ 0-1

[Event "MCR senioru 2020 nad 70 let"]
[Site "Rychnov n. K."]
[Date "2020.08.15"]
[Round "8"]
[White "Koudelka, Milos"]
[Black "Rychtecky, Pavel"]
[Result "1/2-1/2"]
[WhiteElo "1689"]
[BlackElo "1521"]
[EventDate "2020.08.08"]

1. c4  Nf6  2. g3  e6
3. Nc3  d5  4. cxd5 exd5 5. d4
Bf5  6. Bg2  c6
7. Nf3  Be7  8. O-O  O-O
9. Qb3  Qc8  10. Bg5
h6  11. Bxf6 Bxf6 12. Rac1  Qd7
13. Rfd1  Na6  14. e3
Nc7  15. Na4  Ne6
16. Nc5  Nxc5  17. Rxc5
b6  18. Rcc1  Rac8
19. Ne5  Bxe5  20. dxe5
Be6  21. Qa3  f6
22. Qd6  Qxd6  23. exd6
f5  24. Bf1  Bd7
25. Ba6  Rb8  26. Bd3
Rf6  27. f3  Re8
28. e4  dxe4  29. fxe4
fxe4  30. Bc4+  Kh7
31. Rc2  b5  32. Bb3
Rd8  33. Rf2 1/2-1/2

[Event "MCR senioru 2020 nad 70 let"]
[Site "Rychnov n. K."]
[Date "2020.08.15"]
[Round "8"]
[White "Innemann, Frantisek"]
[Black "Lexa, Vaclav"]
[Result "1/2-1/2"]
[WhiteElo "1850"]
[BlackElo "1790"]
[EventDate "2020.08.08"]

1. e4  c5  2. Nf3  d6
3. Bc4  e6  4. O-O
Nf6  5. d3  Nc6
6. a3  a6  7. Be3  d5
8. exd5  exd5 9. Ba2  Be7
10. Re1  O-O  11. h3
Qd6  12. Qd2  Bf5
13. Bf4  Qd7 14. Ne5  Nxe5
15. Bxe5  Ne8  16. Nc3 Be6 17.
d4  cxd4  18. Qxd4  Bf6
19. Nxd5  Bxe5  20. Qxe5
Bxd5  21. Bxd5  Nf6
22. c4  Rfe8  23. Qd4
Red8  24. Rad1  Qc7
25. Qe5  Qb6  26. b4
Re8  27. Qf4  h6
28. Re3  Rad8  29. Rxe8+
Rxe8  30. Qf3  Qc7
31. g3  b6  32. Kg2
Qe7  33. Qf5  Qe2 34. Qf3 Qc2
35. Qd3  Qb2  36. Qd4
Qxa3  37. Qxb6  Re2
38. Qb8+ Re8 39. Qb7  Nxd5  40.
Rxd5  Qc3  41. c5  Qc4
42. Rd7  Re1  43. Qd5
Qf1+  44. Kf3  Qe2+
45. Kg2  1/2-1/2